The drama of living : (Record no. 55422)

MARC details
000 -LEADER
fixed length control field 01095nam a22002177a 4500
008 - FIXED-LENGTH DATA ELEMENTS--GENERAL INFORMATION
fixed length control field 200316b ||||| |||| 00| 0 eng d
020 ## - INTERNATIONAL STANDARD BOOK NUMBER
International Standard Book Number 9781587433245 (pbk.)
020 ## - INTERNATIONAL STANDARD BOOK NUMBER
International Standard Book Number 1587433249 (pbk.)
050 ## - LIBRARY OF CONGRESS CALL NUMBER
Classification number BV4501.3
Item number .F67 2014
100 ## - MAIN ENTRY--PERSONAL NAME
Personal name Ford, David, 1948-
245 ## - TITLE STATEMENT
Title The drama of living :
Remainder of title becoming wise in the spirit /
Statement of responsibility, etc David F. Ford
246 ## - VARYING FORM OF TITLE
Title proper/short title Becoming wise in the spirit
260 ## - PUBLICATION, DISTRIBUTION, ETC. (IMPRINT)
Place of publication, distribution, etc Grand Rapids, Michigan :
Name of publisher, distributor, etc Brazos Press, a division of Baker Publishing Group,
Date of publication, distribution, etc 2014
300 ## - PHYSICAL DESCRIPTION
Extent xviii, 216 pages :
Other physical details photograph ;
Dimensions 22 cm
500 ## - GENERAL NOTE
General note Includes bibliographical references and index <br/>
505 ## - FORMATTED CONTENTS NOTE
Formatted contents note |tThe drama of living: public and ordinary --|tImprovising wisdom: within and between traditions --|tFace-to-face: the heart of life's drama --|tRereading and rehearsing: classic surprises --|tLoving: intimate, dramatic, ultimate --|tImprovised lives: timing, aging, dying --|tPlaying without end: wise in the spirit <br/>
650 ## - SUBJECT ADDED ENTRY--TOPICAL TERM
Topical term or geographic name as entry element Christian life
650 ## - SUBJECT ADDED ENTRY--TOPICAL TERM
Topical term or geographic name as entry element Christianity and culture
650 ## - SUBJECT ADDED ENTRY--TOPICAL TERM
Topical term or geographic name as entry element Christianity
Chronological subdivision 21st century
942 ## - ADDED ENTRY ELEMENTS (KOHA)
Source of classification or shelving scheme Library of Congress Classification
Item type Book
Holdings
Withdrawn status Lost status Source of classification or shelving scheme Damaged status Not for loan Collection code Home library Current library Shelving location Date acquired Source of acquisition Cost, normal purchase price Full call number Barcode Copy number Price effective from Koha item type
    Library of Congress Classification     Non-fiction Bishop Okullu Memorial Library (Limuru Campus) Bishop Okullu Memorial Library (Limuru Campus) General Circulation 16/03/2020 Donations - TBN 1200.00 BV4501.3 .F67 2014 064085 1 16/03/2020 Book
    Library of Congress Classification     Non-fiction Bishop Okullu Memorial Library (Limuru Campus) Bishop Okullu Memorial Library (Limuru Campus) General Circulation 18/03/2020 Donations - TBN 1200.00 BV4501.3 .F67 2014 064122 2 18/03/2020 Book
    Library of Congress Classification     Non-fiction Joshua & Timothy School of Theology Library (JTSOT) Joshua & Timothy School of Theology Library (JTSOT) General Circulation 13/09/2021 Donations TBN 1200.00 BV4501.3 .F67 2014 066865 4 13/09/2021 Book
    Library of Congress Classification     Non-fiction Joshua & Timothy School of Theology Library (JTSOT) Joshua & Timothy School of Theology Library (JTSOT) General Circulation 13/09/2021 Donations TBN 1200.00 BV4501.3 .F67 2014 066866 5 13/09/2021 Book
    Library of Congress Classification     Non-fiction Nairobi Campus Nairobi Campus General Circulation 17/02/2021 Donation-TBN 1200.00 BV4501.3 .F67 2014 065196 3 17/02/2021 Book